Christian identity, Jews, and Israel in seventeenth-century England / (رقم التسجيلة. 19716)

تفاصيل مارك
000 -الفاتح
حقل البيانات ثابتة الطول 02141cam a22004217a 4500
001 - رقم الضبط
رقم الضبط 16273999
003 - محدد رقم الضبط
رقم الضبط OSt
005 - وقت وتاريخ اخر تعامل مع التسجيلة
رقم الضبط 20150408113958.0
008 - عناصر البيانات ثابتة الطول - معلومات عامة
حقل البيانات ثابتة الطول 111214s2010 enka b 001 0 eng
010 ## - رقم ضبط مكتبة الكونجرس
رقم ضبط مكتبة الكونجرس 2010930310
015 ## - رقم الببليوجرافية الوطنية
رقم الببليوجرافية الوطنية GBB064616
المصدر bnb
016 7# - رقم ضبط الوكاله الوطنية للضبط الببليوجرافي
رقم ضبط التسجيلة 015561837
المصدر Uk
020 ## - الرقم الدولى المعيارى للكتب
الرقم الدولى المعيارى للكتاب 9780199557165 (hbk. : alk. paper)
035 ## - رقم ضبط النظام
رقم ضبط النظام (OCoLC)ocn617565395
040 ## - مصدر الفهرسة
وكالة الفهرسة الأصلية UKM
وكالة النسخ UKM
وكالة التعديل BTCTA
-- YDXCP
-- ERASA
-- CDX
-- RID
-- FDA
-- DLC
042 ## - رمز التحقق
رمز التحقق lccopycat
043 ## - رمز المنطقة الجغرافية
رمز المنطقة الجغرافية e-uk-en
-- a-is---
050 00 - رقم طلب مكتبة الكونجرس
رقم التصنيف PR438.R45
رقم المادة G852 2010
082 04 - رقم تصنيف ديوى العشرى
رقم التصنيف 820.93823 G A C
رقم الطبعة 22
100 1# - المدخل الرئيسى - إسم شخصى
الإسم الشخصى Guibbory, Achsah,
التواريخ المصاحبة للاسم 1945-
9 (RLIN) 8294
245 10 - بيان العنوان
العنوان Christian identity, Jews, and Israel in seventeenth-century England /
بيان المسئوليه,etc by Achsah Guibbory.
246 10 - العنوان الموازى
عنوان صحيح/عنوان مختصر Christian identity, Jews, and Israel in 17th-century England
260 ## - PUBLICATION, DISTRIBUTION, ETC. (IMPRINT)
مكان الناشر او الموزع Oxford :
-- New York :
اسم الناشر او الموزع Oxford University Press,
تاريخ النشر أو التوزيع 2010.
300 ## - الوصف المادى
التعداد xi, 328 p. :
تفاصيل ماديه اخرى للوعاء ill. ;
أبعاد الوعاء 24 cm.
504 ## - تبصرة ببليوجرافية
تبصرة ببليوجرافية,الخ Includes bibliographical references (p. [298]-317) and index.
505 0# - تبصرة محتويات-الفهرس
تبصرة المحتويات المصاغة Nation, monarch, and Israel -- The English Church, Jewish worship, and the Temple -- Revolution and reformation: Parliament "fast sermons," the elect nation, and biblical Israel -- Anglicans and Royalists at war in exile -- Political alternatives and Israelite foundations -- The Jewish aspect of radical religion: millenarians and prophets -- Revisiting the question of Jewish readmission -- The restoration: England and Israel, Milton and Dryden.
650 #0 - المدخل الاضافى بالموضوع-مصطلح موضوعى
مصطلح موضوعي أو اسم جغرافي كعنصر مدخل English literature
التقسيم الفرعي الزمني Early modern, 1500-1700
التقسيم الفرعي العام History and criticism.
9 (RLIN) 7636
650 #0 - المدخل الاضافى بالموضوع-مصطلح موضوعى
مصطلح موضوعي أو اسم جغرافي كعنصر مدخل Christianity and literature
التقسيم الفرعي الجغرافي England
التقسيم الفرعي العام History
التقسيم الفرعي الزمني 17th century.
9 (RLIN) 8295
650 #0 - المدخل الاضافى بالموضوع-مصطلح موضوعى
مصطلح موضوعي أو اسم جغرافي كعنصر مدخل Religion and literature
التقسيم الفرعي الجغرافي England
التقسيم الفرعي العام History
التقسيم الفرعي الزمني 17th century.
9 (RLIN) 3925
650 #0 - المدخل الاضافى بالموضوع-مصطلح موضوعى
مصطلح موضوعي أو اسم جغرافي كعنصر مدخل Christianity and other religions
التقسيم الفرعي العام Judaism
-- History
التقسيم الفرعي الزمني 17th century.
9 (RLIN) 8296
650 #0 - المدخل الاضافى بالموضوع-مصطلح موضوعى
مصطلح موضوعي أو اسم جغرافي كعنصر مدخل Jews in literature.
9 (RLIN) 6287
650 #0 - المدخل الاضافى بالموضوع-مصطلح موضوعى
مصطلح موضوعي أو اسم جغرافي كعنصر مدخل Culture conflict in literature.
9 (RLIN) 8297
651 #0 - المدخل الاضافى بالموضوع - اسم جغرافى
الاسم الجغرافي England
التقسيم الفرعي العام Intellectual life
التقسيم الفرعي الزمني 17th century.
9 (RLIN) 8298
651 #0 - المدخل الاضافى بالموضوع - اسم جغرافى
الاسم الجغرافي Israel
التقسيم الفرعي العام In literature.
9 (RLIN) 8299
906 ## - عنصر بيانات محلى F, LDF (RLIN)
a 7
b cbc
c copycat
d 2
e epcn
f 20
g y-gencatlg
942 ## - عناصر المدخل الإضافي( كوها)
مصدر التصنيف او مخطط الترفيف Dewey Decimal Classification
Koha [default] item type DVD
المقتنيات
حالة الفقد نموذج السعر الفعال حالة تلف ليس للاعارة رقم الطلب تاريخ الاكتساب الموقع الحالي الباركود الفرع الرئيسي Date last seen نوع المادة فى نظام كوها مصدر التصنيف او خطة الترفيف Total Checkouts
  2013-03-10     820.93823 G A C 2011-12-14 قسم الاجراءات الفنية (IC) 00100562 قسم الاجراءات الفنية (IC) 2013-03-10 كتاب Dewey Decimal Classification  
  2013-03-10     820.93823 G A C 2011-12-14 قسم الاجراءات الفنية (IC) 00100561 قسم الاجراءات الفنية (IC) 2013-03-10 كتاب Dewey Decimal Classification